<?xml version="1.0" encoding="UTF-8"?>
<record
    xmlns:xsi="http://www.w3.org/2001/XMLSchema-instance"
    xsi:schemaLocation="http://www.loc.gov/MARC21/slim http://www.loc.gov/standards/marcxml/schema/MARC21slim.xsd"
    xmlns="http://www.loc.gov/MARC21/slim">

  <leader>00341nam a2200109Ia 4500</leader>
  <controlfield tag="008">180219s9999    xx            000 0 und d</controlfield>
  <datafield tag="020" ind1=" " ind2=" ">
    <subfield code="a">9789712360046</subfield>
  </datafield>
  <datafield tag="100" ind1=" " ind2=" ">
    <subfield code="a">De Leon, Hector S.</subfield>
  </datafield>
  <datafield tag="245" ind1=" " ind2=" ">
    <subfield code="c">De Leon, Hector M. Jr,</subfield>
    <subfield code="a">The law on obligations and contracts /</subfield>
  </datafield>
  <datafield tag="260" ind1=" " ind2=" ">
    <subfield code="a">Recto Avenue City</subfield>
    <subfield code="b">REX book store</subfield>
    <subfield code="c">2011</subfield>
  </datafield>
  <datafield tag="300" ind1=" " ind2=" ">
    <subfield code="a">iii, 465 pages</subfield>
  </datafield>
  <datafield tag="999" ind1=" " ind2=" ">
    <subfield code="c">355952</subfield>
    <subfield code="d">355952</subfield>
  </datafield>
  <datafield tag="952" ind1=" " ind2=" ">
    <subfield code="0">0</subfield>
    <subfield code="1">0</subfield>
    <subfield code="4">0</subfield>
    <subfield code="a">CL</subfield>
    <subfield code="b">CL</subfield>
    <subfield code="c">FIL</subfield>
    <subfield code="d">2018-02-19</subfield>
    <subfield code="e">Donation</subfield>
    <subfield code="l">5</subfield>
    <subfield code="m">22</subfield>
    <subfield code="o">KPM 810 .D346 2011</subfield>
    <subfield code="p">c21225</subfield>
    <subfield code="r">2020-01-16 00:00:00</subfield>
    <subfield code="s">2020-01-09</subfield>
    <subfield code="w">2018-02-19</subfield>
    <subfield code="y">BK</subfield>
  </datafield>
</record>
